Elektromobilita v Slovenskej republike bakalárska práca

Guardado en:
Detalles Bibliográficos
Autor principal: Ivančáková, Jaroslava, 1996-
Autor Corporativo: Obchodná fakulta EU. Katedra marketingu
Otros Autores: Rehák, Róbert, 1984-
Formato: Libro
Lenguaje:eslovaco
Publicado: Bratislava 2018
Etiquetas: Agregar Etiqueta
Sin Etiquetas, Sea el primero en etiquetar este registro!

MARC

LEADER 00000nbm a2200000 4500
001 0245041
005 20180815084330.9
041 0 |a slo 
044 |a SK 
245 1 0 |a Elektromobilita v Slovenskej republike  |b bakalárska práca  |c Jaroslava Ivančáková ; školiteľ: Róbert Rehák 
264 1 |a Bratislava  |c 2018 
300 |a 56 s. 
100 1 |a Ivančáková, Jaroslava, 1996- 
700 1 |a Rehák, Róbert, 1984- 
710 2 |a Obchodná fakulta EU. Katedra marketingu